| 000 | 01990cam a2200541 a 4500 | ||
|---|---|---|---|
| 001 | 20036 | ||
| 003 | VRT | ||
| 005 | 20260115094039.0 | ||
| 008 | 230403s1957 xo a er 000 p slo | ||
| 015 | _aSNBA1958/02-00264 | ||
| 020 | _q(viazané) | ||
| 035 | _aSK01SNK19580017662 | ||
| 035 | _aurn:nbn:sk:snk-am3ib32 | ||
| 035 | _aurn:nbn:sk:snk-am00djdf | ||
| 035 | _aE7460D3D-C3AD-4271-B12F-7808579C20B8 | ||
| 035 | _aSKM000020125 | ||
| 039 | 9 |
_a202403311447 _bcsnk01 _c202304032005 _dVLOAD _c202212050948 _dVLOAD _c202205110855 _dVLOAD |
|
| 040 |
_aSNK _bslo _cSNK _eAACR2 |
||
| 041 | 0 | _aslo | |
| 044 |
_axo _cSK |
||
| 072 | 7 |
_a821.162.4-1 _xSlovenská poézia _2konspekt |
|
| 080 |
_a821.162.4-1 _22011 |
||
| 080 |
_a(0:82-14) _22011 |
||
| 100 | 1 |
_aSmrek, Ján, _d1898-1982 _4aut |
|
| 245 | 1 | 0 |
_aBásnik a žena _cJán Smrek ; s ilustráciami Vincenta Hložníka |
| 250 | _a3. vyd. | ||
| 260 |
_aBratislava _bSlovenský spisovateľ _c1957 |
||
| 300 |
_a77 s. _bilustr. _c21 cm |
||
| 366 | _e3000 výtl. | ||
| 490 | 1 | _aPôvodná poézia | |
| 500 | _aV tiráži uvedené: Dialóg v piatich kapitolách, z nich prvé štyri boli napísané roku 1923, tretia začiatkom roku 1934 | ||
| 655 | 7 |
_aslovenská poézia _2SNKPH |
|
| 655 | 7 |
_alyrická poézia _2SNKPH |
|
| 655 | 7 |
_aSlovak poetry _2SNKPHeng |
|
| 655 | 7 |
_aLyric poetry _2SNKPHeng |
|
| 700 | 1 |
_aHložník, Vincent, _d1919-1997 _4ill |
|
| 830 | 0 | _aPôvodná poézia | |
| 942 |
_2ddc _cKLDO _n0 |
||
| 949 |
_63869A05755 _abpksh821.162.4-1 _bbpksh42980 |
||
| 949 |
_617A0836849 _asnkSC 11177 _bsnkKSP 395/58 _s6100:20191115 |
||
| 949 |
_63830001084113 _akurukT18/SMRE1-16 _bkuruk2013/F4964 _oD2013/SAV/6.3.2013 |
||
| 949 |
_6273K0340417 _asvkpoA 22643 _bsvkpo53667 |
||
| 949 |
_63830001094383 _akurukT18/SMRE1-16 _bkuruk2014/F5982 |
||
| 949 |
_617A0033861 _asnkSC 11177 D1 |
||
| 949 |
_6270001000134767 _asvkbbS 47981 _bsvkbbm 42502 |
||
| 999 |
_c20036 _d20036 |
||